Lyrics to 'Consejo de Amor' by TINI, Morat - Statistics

General Stats
  • This quiz has been taken 87 times
  • The average score is 329 of 416
Answer Stats
Answer % Correct
a
100%
es
100%
me
100%
Me
100%
Si
100%
si
100%
y
100%
Y
100%
amor
97%
de
97%
en
97%
no
97%
No
97%
o
97%
que
97%
te
97%
con
94%
consejo
94%
La
94%
la
94%
se
94%
94%
94%
toca
94%
Yo
94%
yo
94%
lo
90%
90%
tu
90%
corazón
87%
Pero
87%
ti
87%
el
84%
fuiste
84%
mi
84%
por
84%
prefiero
84%
sido
84%
un
84%
ver
84%
vi
84%
fin
81%
haber
81%
las
81%
los
81%
siempre
81%
entre
77%
solo
77%
volverte
77%
aceptar
74%
al
74%
aunque
74%
escoger
74%
estoy
74%
feliz
74%
fingir
74%
perdidas
74%
Pude
74%
tan
74%
despierte
71%
escogiste
71%
guardado
71%
lado
71%
pasó
71%
robó
71%
vida
71%
balas
68%
beso
68%
futuro
68%
hay
68%
nos
68%
nunca
68%
pedido
68%
hubieras
65%
llego
65%
llegó
65%
nuestros
65%
para
65%
romper
65%
sus
65%
tiene
65%
todo
65%
veo
65%
besos
61%
borrar
61%
creo
61%
disimular
61%
prometí
61%
Ya
61%
alguien
58%
alguién
58%
cada
58%
dejaron
58%
fue
58%
marca
58%
sin
58%
sola
58%
entender
55%
fuera
55%
guerras
55%
horas
55%
perderte
55%
Porque
55%
sabes
55%
escapó
52%
estación
52%
iba
52%
obligues
52%
quizá
52%
enamorado
48%
encima
48%
estar
48%
faltan
48%
tuyo
48%
atrapado
45%
dejaste
45%
haré
45%
igual
45%
loco
45%
atarte
42%
Buscando
42%
Cuando
42%
final
42%
herida
42%
más
42%
peor
42%
piedad
42%
tendré
42%
escribirles
39%
extrañar
39%
haberlo
39%
pensé
39%
cuesta
35%
esperarte
35%
hablar
35%
termine
35%
debo
32%
desgracia
32%
desvaneceré
32%
llegue
32%
puedo
32%
ser
29%
voy
29%
quien
23%
No matching quizzes found
Score Distribution
Percent of People with Each Score
Percentile by Number Answered
Your Score History
You have not taken this quiz